000 00257nam a22000857a 4500
008 220324b ||||| |||| 00| 0 eng d
100 _aGriffenhagen, George and Husak, Jerome
245 _aAdventures in Topical Stamp Collecting
650 _aTopical Stamp Collecting
999 _c3354
_d3354